[Event "Sparkassen-Open A"]
[Site "Heusenstamm, Martinsee"]
[Date "2025.11.21"]
[Round "2.38"]
[White "Faulhaber, Tobias"]
[Black "Spiric, Igor"]
[Result "1/2-1/2"]
[WhiteElo "1906"]
[BlackElo "2174"]
[PlyCount "105"]
[EventDate "2025.11.20"]
[WhiteTeam "SC Schifferstadt"]
[BlackTeam "SC Diogenes e.V."]

1. e4 e6 2. d4 b6 3. Nc3 Bb7 4. Bd3 Nf6 5. Nf3 Bb4 6. Qe2 d5 7. exd5 Qxd5 8. O-O Bxc3 9. bxc3 Qh5 10. Ne5 Qxe2 11. Bxe2 Nfd7 12. f4 Nxe5 13. fxe5 Ba6 14. Bf3 Bxf1 15. Bxa8 Bc4 16. Be4 Kd7 17. a4 a5 18. Ba3 Nc6 19. Kf2 Ne7 20. Bxe7 Kxe7 21. Ke3 f5 22. exf6+ gxf6 23. Bd3 Bd5 24. Be4 Kd6 25. Bxd5 Kxd5 26. Kd3 Rg8 27. g3 Rg4 28. Rb1 e5 29. c4+ Kd6 30. c3 h5 31. Rb5 h4 32. gxh4 Rxh4 33. c5+ bxc5 34. Rxc5 Rh3+ 35. Ke4 c6 36. Rxa5 f5+ 37. Kxf5 exd4 38. Ke4 dxc3 39. Rg5 c2 40. Rg1 Kc5 41. Rc1 Rxh2 42. Kd3 Kb4 43. Rxc2 Rh3+ 44. Kd2 c5 45. Rb2+ Kxa4 46. Rb8 Rb3 47. Rh8 Kb4 48. Kc2 Rg3 49. Rb8+ Kc4 50. Rh8 Rf3 51. Rh4+ Kb5 52. Rg4 c4 53. Rg8 1/2-1/2

[Event "Sparkassen-Open A"]
[Site "Heusenstamm, Martinsee"]
[Date "2025.11.21"]
[Round "2.39"]
[White "Marcziter, Dmitrii"]
[Black "Trenz, Finn"]
[Result "1-0"]
[WhiteElo "2165"]
[BlackElo "1952"]
[PlyCount "119"]
[EventDate "2025.11.20"]
[WhiteTeam "Schachgemeinschaft Porz e. V."]
[BlackTeam "SV Multatuli Ingelheim e.V."]

1. Nf3 d5 2. g3 Nd7 3. Bg2 e5 4. d3 Ngf6 5. O-O Bc5 6. c3 O-O 7. Nbd2 e4 8. dxe4 dxe4 9. Nd4 e3 10. N2b3 exf2+ 11. Rxf2 Bb6 12. e4 Re8 13. Qc2 Qe7 14. Re2 Ne5 15. Kh1 Neg4 16. e5 Nxe5 17. Bf4 Nfd7 18. Rae1 f6 19. Nf5 Qf7 20. c4 Nc5 21. Nbd4 Bxf5 22. Nxf5 Rad8 23. Bxe5 fxe5 24. Rf1 Qd7 25. b4 Nd3 26. c5 Nxb4 27. Qb3+ Kh8 28. cxb6 a5 29. a3 Nd3 30. bxc7 Qxc7 31. Qxb7 Rd7 32. Qxc7 Rxc7 33. Nd6 Rb8 34. Be4 Rd7 35. Bxd3 Rxd6 36. Bb5 Rf6 37. Rxe5 h6 38. Rxf6 gxf6 39. Rc5 a4 40. Bxa4 Ra8 41. Rc4 Kg7 42. Kg2 f5 43. Kf3 Kf6 44. Kf4 Ra5 45. h3 Ra7 46. h4 Ra5 47. Rc6+ Kg7 48. Bc2 Rxa3 49. Bxf5 Ra4+ 50. Be4 Ra1 51. Rg6+ Kf7 52. Rxh6 Rf1+ 53. Bf3 Kg7 54. Rc6 Rf2 55. g4 Rh2 56. Kg5 Rf2 57. Rc7+ Kf8 58. Be4 Rb2 59. h5 Kg8 60. h6 1-0

[Event "Sparkassen-Open A"]
[Site "Heusenstamm, Martinsee"]
[Date "2025.11.21"]
[Round "2.40"]
[White "Klundt, Klaus"]
[Black "Graschdankin, Roman"]
[Result "1-0"]
[WhiteElo "2229"]
[BlackElo "1801"]
[PlyCount "75"]
[EventDate "2025.11.20"]
[WhiteTeam "SC Heusenstamm"]
[BlackTeam "SK Bad Homburg 1927"]

1. Nf3 d5 2. d4 e6 3. e3 Nf6 4. Bd3 Bd6 5. b3 c5 6. Bb2 O-O 7. O-O Nc6 8. Nbd2 Qc7 9. dxc5 Bxc5 10. a3 Bd6 11. c4 Ne5 12. Bxe5 Bxe5 13. Rc1 Qd6 14. Qc2 Bd7 15. cxd5 exd5 16. Nxe5 Qxe5 17. Nf3 Qd6 18. Qc5 Qxc5 19. Rxc5 Rac8 20. Rfc1 Rxc5 21. Rxc5 Rc8 22. Rxc8+ Bxc8 23. Nd4 Bd7 24. f3 Kf8 25. g4 g6 26. Kg2 Ke7 27. Kg3 Ne8 28. g5 Nc7 29. h4 Ne6 30. Nxe6 fxe6 31. e4 dxe4 32. Bxe4 b6 33. f4 Kd6 34. Kf3 e5 35. h5 Bf5 36. Bxf5 gxf5 37. g6 hxg6 38. h6 1-0

[Event "Sparkassen-Open A"]
[Site "Heusenstamm, Martinsee"]
[Date "2025.11.21"]
[Round "2.41"]
[White "Dubinker, Philipp"]
[Black "Holtel, Jasper"]
[Result "0-1"]
[WhiteElo "1911"]
[BlackElo "2365"]
[PlyCount "102"]
[EventDate "2025.11.20"]
[WhiteTeam "SK Marburg 1931/72"]
[BlackTeam "SK Doppelbauer Kiel von 1910 e.V"]

1. Nf3 Nf6 2. c4 g6 3. g3 Bg7 4. Bg2 O-O 5. O-O d5 6. cxd5 Nxd5 7. Nc3 c5 8. e3 Nc6 9. Nxd5 Qxd5 10. Nd4 Qd6 11. Nxc6 bxc6 12. Qa4 Bd7 13. Rb1 Rfb8 14. Qc2 Bf5 15. e4 Be6 16. b3 c4 17. b4 Qd3 18. Qxd3 cxd3 19. Ba3 Bxa2 20. Rbc1 Rb6 21. e5 Bd5 22. Bxd5 cxd5 23. f4 e6 24. Rc3 Bf8 25. Rb1 Rab8 26. Kf2 Bxb4 27. Bxb4 Rxb4 28. Ra1 Ra8 29. Rca3 a5 30. Rxa5 Rxa5 31. Rxa5 Re4 32. Ra2 Re2+ 33. Kf3 Rxh2 34. Ke3 Re2+ 35. Kf3 h5 36. Rb2 Kg7 37. Ra2 g5 38. fxg5 Kg6 39. Kf4 Re4+ 40. Kf3 Re2 41. Kf4 Re4+ 42. Kf3 Rxe5 43. Ra3 Kxg5 44. Rxd3 h4 45. gxh4+ Kxh4 46. Ra3 Kg5 47. Ra8 Re4 48. Rg8+ Kf5 49. Rh8 f6 50. Rh5+ Kg6 51. Rh1 Ra4 0-1

[Event "Sparkassen-Open A"]
[Site "Heusenstamm, Martinsee"]
[Date "2025.11.21"]
[Round "2.42"]
[White "Marcziter, Alex"]
[Black "Karpasyuk, Yevgen"]
[Result "0-1"]
[WhiteElo "2206"]
[BlackElo "1957"]
[PlyCount "128"]
[EventDate "2025.11.20"]
[WhiteTeam "Schachgemeinschaft Porz e. V."]
[BlackTeam "SAbt TuS Makkabi Ffm"]

1. e4 c5 2. Nf3 Nc6 3. d3 g6 4. g3 Bg7 5. Bg2 d6 6. O-O Nf6 7. c3 O-O 8. a4 e5 9. Na3 h6 10. Bd2 Be6 11. b4 Qd7 12. Re1 Ne8 13. Nc4 cxb4 14. cxb4 Rc8 15. Rc1 Bg4 16. Ne3 Bxf3 17. Bxf3 Nf6 18. Bc3 h5 19. b5 Nd4 20. Bxd4 exd4 21. Nc4 d5 22. exd5 Nxd5 23. Bxd5 Qxd5 24. Qe2 Bf6 25. h4 Kg7 26. Rc2 Qd7 27. Qf3 Rfe8 28. Rce2 Rxe2 29. Rxe2 a6 30. Kg2 Rc5 31. bxa6 bxa6 32. a5 Bd8 33. Re5 Rb5 34. Qe4 Bf6 35. Rxb5 Qxb5 36. Nd6 Qe5 37. Ne8+ Kf8 38. Nxf6 Qxf6 39. Qb7 Ke8 40. Qc8+ Ke7 41. Qc7+ Ke8 42. f4 Qe6 43. Qe5 Qxe5 44. fxe5 Kd7 45. Kf3 Kc6 46. Ke4 Kc5 47. e6 fxe6 48. Ke5 Kb4 49. Kxd4 Kxa5 50. Kc5 Ka4 51. d4 Kb3 52. Kd6 Kc4 53. Kxe6 Kxd4 54. Kf6 a5 55. Kxg6 a4 56. Kxh5 a3 57. Kg6 a2 58. h5 a1=Q 59. h6 Qa6+ 60. Kg7 Qb7+ 61. Kg8 Qc8+ 62. Kg7 Qg4+ 63. Kh8 Qg6 64. h7 Qf7 0-1

[Event "Sparkassen-Open A"]
[Site "Heusenstamm, Martinsee"]
[Date "2025.11.21"]
[Round "2.43"]
[White "Sheng, Ming"]
[Black "Werner, Rosalie"]
[Result "1-0"]
[WhiteElo "2178"]
[BlackElo "1940"]
[PlyCount "55"]
[EventDate "2025.11.20"]
[WhiteTeam "SVG Saarbrücken 1970 e.V."]
[BlackTeam "VSG 1880 Offenbach"]

1. e4 e6 2. d4 d5 3. Nd2 Nf6 4. e5 Nfd7 5. c3 c5 6. f4 Nc6 7. Ndf3 Be7 8. Bd3 a6 9. Ne2 b5 10. O-O Qb6 11. Kh1 f5 12. Be3 a5 13. g4 g6 14. gxf5 exf5 15. a3 Nf8 16. dxc5 Bxc5 17. Bxc5 Qxc5 18. b4 Qb6 19. Ned4 Nxd4 20. Nxd4 Bd7 21. Qe2 Rb8 22. bxa5 Qb7 23. e6 Bxe6 24. Nxe6 Kf7 25. Ng5+ Kg8 26. Nf3 h6 27. Nd4 Rh7 28. Qg2 1-0

[Event "Sparkassen-Open A"]
[Site "Heusenstamm, Martinsee"]
[Date "2025.11.21"]
[Round "2.44"]
[White "Griesfeller, Sven"]
[Black "Feldmann, Johannes"]
[Result "0-1"]
[WhiteElo "1869"]
[BlackElo "2175"]
[PlyCount "66"]
[EventDate "2025.11.20"]
[WhiteTeam "Schachdrachen Büdingen-Wächtersb"]
[BlackTeam "SV Worms 1878"]

1. e4 e6 2. d4 d5 3. f3 c6 4. Nc3 Bb4 5. a3 Bxc3+ 6. bxc3 Ne7 7. Be3 b6 8. Bd3 Ba6 9. Ne2 O-O 10. O-O Qc8 11. Ng3 Nd7 12. e5 c5 13. f4 cxd4 14. cxd4 f5 15. exf6 Nxf6 16. f5 Bxd3 17. Qxd3 Nxf5 18. Nxf5 exf5 19. Rxf5 Qc6 20. Re5 Ne4 21. Rg5 Nf6 22. Re5 Rac8 23. Rc1 Rc7 24. Qf5 Ne4 25. Qh3 Qf6 26. g4 Rc3 27. Rf5 Qd6 28. Rcf1 Rxf5 29. Rxf5 Qxa3 30. Qh4 Rc8 31. Rf3 Rf8 32. Rxf8+ Qxf8 33. Qe1 Qf3 0-1

[Event "Sparkassen-Open A"]
[Site "Heusenstamm, Martinsee"]
[Date "2025.11.21"]
[Round "2.45"]
[White "Kather, Yannick"]
[Black "Fock, Sana"]
[Result "1-0"]
[WhiteElo "2153"]
[BlackElo "1887"]
[PlyCount "105"]
[EventDate "2025.11.20"]
[WhiteTeam "SV Mattnetz Berlin e.V."]
[BlackTeam "FC ST.Pauli 1910 eV SAbt"]

1. e4 c5 2. Nf3 d6 3. c3 Nf6 4. h3 e5 5. Bd3 Nc6 6. Bc2 g6 7. O-O Bg7 8. d4 cxd4 9. cxd4 exd4 10. Nxd4 O-O 11. Nc3 Nxd4 12. Qxd4 Ng4 13. Qd1 Ne5 14. Bb3 Qh4 15. Qe2 g5 16. f3 Ng6 17. Nd5 Bd4+ 18. Be3 Bxe3+ 19. Nxe3 Nf4 20. Qf2 Qh6 21. Nd5 Be6 22. Nxf4 gxf4 23. Rfd1 Bxb3 24. axb3 b6 25. Qd4 Qg5 26. Rac1 Rac8 27. Rc3 a5 28. Qxb6 Rxc3 29. bxc3 Qc5+ 30. Qxc5 dxc5 31. Ra1 Ra8 32. Ra4 Kf8 33. b4 cxb4 34. cxb4 Ke7 35. bxa5 Ra6 36. Kf2 Ke6 37. g4 fxg3+ 38. Kxg3 f5 39. Kf4 fxe4 40. fxe4 h6 41. h4 Kf6 42. e5+ Kf7 43. Kf5 Ke7 44. Ke4 Ke6 45. h5 Ke7 46. Kd5 Kd7 47. Ra1 Kd8 48. Kc5 Kc7 49. Kb5 Re6 50. Rc1+ Kb7 51. Rc5 Kb8 52. Kc4 Kb7 53. Kd5 1-0

[Event "Sparkassen-Open A"]
[Site "Heusenstamm, Martinsee"]
[Date "2025.11.21"]
[Round "2.46"]
[White "Windmüller, Simon"]
[Black "Klein, Deniz"]
[Result "1-0"]
[WhiteElo "2137"]
[BlackElo "1913"]
[PlyCount "77"]
[EventDate "2025.11.20"]
[WhiteTeam "SV 1926 Riegelsberg"]
[BlackTeam "SK Kaiserslautern 1905"]

1. d4 Nf6 2. c4 e6 3. Nf3 a6 4. Nc3 d5 5. cxd5 exd5 6. Qc2 Be6 7. Bg5 Nbd7 8. e3 Bd6 9. Bd3 c6 10. O-O h6 11. Bf4 Qc7 12. Bxd6 Qxd6 13. Rab1 O-O 14. b4 b6 15. Na4 b5 16. Nc5 Nxc5 17. dxc5 Qc7 18. a4 Rfe8 19. h3 Qc8 20. Kh2 Ne4 21. Ra1 Qc7+ 22. Kh1 Bf5 23. Nd4 Bg6 24. Ra3 Qd7 25. Rfa1 Rab8 26. axb5 axb5 27. Kg1 Kh7 28. Ra7 Rb7 29. Rxb7 Qxb7 30. Qa2 f5 31. Qa6 Qe7 32. Re1 Qh4 33. Bxe4 fxe4 34. Qxc6 Rf8 35. Rf1 Bh5 36. Qxd5 Rf6 37. Kh2 Rg6 38. g3 Qf6 39. Qxh5 1-0

[Event "Sparkassen-Open A"]
[Site "Heusenstamm, Martinsee"]
[Date "2025.11.21"]
[Round "2.47"]
[White "Gao, Chenzhuo"]
[Black "Hilzinger, Markus"]
[Result "0-1"]
[WhiteElo "1825"]
[BlackElo "2102"]
[PlyCount "68"]
[EventDate "2025.11.20"]
[WhiteTeam "SC Rotenburg"]
[BlackTeam "SC Pforzheim 1906"]

1. d4 Nf6 2. c4 g6 3. Nc3 Bg7 4. e4 d6 5. Nf3 O-O 6. Be2 e5 7. O-O Nc6 8. d5 Ne7 9. Ne1 Ne8 10. Be3 f5 11. f3 f4 12. Bf2 g5 13. c5 h5 14. a4 Ng6 15. a5 Nf6 16. cxd6 cxd6 17. Nb5 g4 18. Nxa7 Bd7 19. Bb6 Qe7 20. Rc1 Rf7 21. Rc7 Ne8 22. Rc3 g3 23. Bb5 Qh4 24. h3 Bxh3 25. gxh3 Qxh3 26. Qc2 Nh4 27. Bxe8 Rxe8 28. Rc8 Rff8 29. Rxe8 Rxe8 30. Nb5 Rc8 31. Bc7 Bf6 32. Qe2 Kh7 33. Nxd6 Rg8 34. Nf5 g2 0-1

[Event "Sparkassen-Open A"]
[Site "Heusenstamm, Martinsee"]
[Date "2025.11.21"]
[Round "2.48"]
[White "Longo, Massimo"]
[Black "Peter, Laurenz"]
[Result "0-1"]
[WhiteElo "2079"]
[BlackElo "1896"]
[PlyCount "84"]
[EventDate "2025.11.20"]
[WhiteTeam "SK Gräfelfing"]
[BlackTeam "SPORTGEM Kaarst 1912/35"]

1. d4 Nf6 2. Nf3 e6 3. c4 b6 4. a3 a5 5. Nc3 Bb7 6. Bf4 Be7 7. Qc2 d6 8. e4 Nbd7 9. Bd3 Nh5 10. Be3 e5 11. O-O exd4 12. Nxd4 Bf6 13. f4 g5 14. fxg5 Bxg5 15. Qd2 Rg8 16. Rf5 h6 17. Nf3 Bxe3+ 18. Qxe3 Ng7 19. Rf4 Ne6 20. Rh4 Ng5 21. Nxg5 Qxg5 22. Qh3 Ne5 23. Be2 Bc8 24. Qg3 Qxg3 25. hxg3 Be6 26. Kf2 Rg6 27. Rah1 Bxc4 28. Bxc4 Nxc4 29. Nd5 Rc8 30. Rxh6 Rxh6 31. Rxh6 c6 32. Rh8+ Kd7 33. Nf6+ Kc7 34. Rh7 Rf8 35. g4 Nxb2 36. g5 Nd3+ 37. Ke3 Ne5 38. Rg7 b5 39. Nh7 Rd8 40. g6 Nxg6 41. Rxf7+ Rd7 42. Rf6 Ne5 0-1

[Event "Sparkassen-Open A"]
[Site "Heusenstamm, Martinsee"]
[Date "2025.11.21"]
[Round "2.49"]
[White "Hoffmann, Jens"]
[Black "Hoffmann, Christian"]
[Result "0-1"]
[WhiteElo "2094"]
[BlackElo "1891"]
[PlyCount "86"]
[EventDate "2025.11.20"]
[WhiteTeam "SF HN-Biberach 1978 e.V."]
[BlackTeam "SAbt BKA Wiesbaden"]

1. e4 c5 2. Nf3 d6 3. d4 cxd4 4. Nxd4 Nf6 5. Nc3 g6 6. Be3 Bg7 7. f3 O-O 8. Qd2 Nc6 9. Bc4 Nxd4 10. Bxd4 Be6 11. Bxe6 fxe6 12. O-O-O Qa5 13. h4 Nh5 14. Bxg7 Kxg7 15. g4 Nf4 16. Kb1 Rac8 17. h5 g5 18. h6+ Kg6 19. Qd4 e5 20. Qe3 Qc5 21. Qd2 b5 22. Ne2 Rc6 23. Ng3 e6 24. Nh5 b4 25. Rh2 a5 26. Rc1 a4 27. c3 bxc3 28. bxc3 Rb8+ 29. Ka1 a3 30. Nxf4+ exf4 31. e5 Kf7 32. Qc2 Kg8 33. Rh5 Qxe5 34. Qa4 Rxc3 35. Rxg5+ Qxg5 36. Rxc3 Qg6 37. Rb3 Rc8 38. Qxa3 Qf6+ 39. Kb1 Qd4 40. Rd3 Qg1+ 41. Kb2 Qc1+ 42. Kb3 Rb8+ 43. Qb4 Qb1+ 0-1

[Event "Sparkassen-Open A"]
[Site "Heusenstamm, Martinsee"]
[Date "2025.11.21"]
[Round "2.50"]
[White "Segna, Ulrich"]
[Black "Yasaswi Krishna Bommi"]
[Result "0-1"]
[WhiteElo "2090"]
[BlackElo "1843"]
[PlyCount "128"]
[EventDate "2025.11.20"]
[WhiteTeam "SV 1920 Hofheim"]
[BlackTeam "Indien"]
[BlackTeamCountry "IND"]

1. d4 Nf6 2. Nf3 g6 3. c4 Bg7 4. Nc3 d6 5. e4 O-O 6. Be2 e5 7. O-O Nbd7 8. Re1 Re8 9. d5 Nc5 10. Qc2 a5 11. h3 Nh5 12. Be3 b6 13. Nd2 Nf4 14. Bf1 f5 15. b3 Nh5 16. f3 f4 17. Bf2 Bf6 18. Nb5 Na6 19. Qd1 Bh4 20. Bxh4 Qxh4 21. Qe2 Ng3 22. Qf2 h5 23. Nc3 g5 24. Ne2 Nb4 25. Nxg3 fxg3 26. Qe2 Nc2 27. Rac1 Nxe1 28. Rxe1 g4 29. Qe3 Kh7 30. f4 gxh3 31. f5 hxg2 32. Bxg2 Rg8 33. Nf3 Qg4 34. Qe2 h4 35. Bh3 Qh5 36. Kg2 Bd7 37. Rd1 Rg7 38. Rh1 Rag8 39. Qd2 Kh8 40. Qe3 Rh7 41. Qd2 Qh6 42. a4 Qf6 43. Qe3 Be8 44. Re1 Bh5 45. Rh1 Bg4 46. Bxg4 Rxg4 47. Ng1 Qg5 48. Qxg5 Rxg5 49. Nh3 Rg4 50. Re1 Kg8 51. Kf3 Rhg7 52. Kg2 Kh7 53. Re2 Kh6 54. Re1 Kh5 55. Re2 Rg8 56. Re1 Rf4 57. Re2 Rgg4 58. Nxf4+ Rxf4 59. Kh3 Rf3 60. Kg2 Kg4 61. Re1 h3+ 62. Kg1 h2+ 63. Kg2 Rf2+ 64. Kh1 Kh3 0-1

[Event "Sparkassen-Open A"]
[Site "Heusenstamm, Martinsee"]
[Date "2025.11.21"]
[Round "2.52"]
[White "Gärtner, David"]
[Black "Paeslack, Luis"]
[Result "0-1"]
[WhiteElo "1838"]
[BlackElo "2054"]
[PlyCount "42"]
[EventDate "2025.11.20"]
[WhiteTeam "Sfr.Mainz 1928"]
[BlackTeam "SC Aschaffenburg e.V."]

1. d4 Nf6 2. Nf3 e6 3. c4 b6 4. g3 Ba6 5. Qc2 c5 6. Bg2 Nc6 7. e3 cxd4 8. exd4 Nb4 9. Qb3 Bxc4 10. Qxc4 Rc8 11. Qb5 Rxc1+ 12. Ke2 Rxh1 13. Bxh1 Nc2 14. Nc3 Nxa1 15. Qa4 Qc7 16. Qd1 Bb4 17. Qxa1 Qc4+ 18. Ke1 Ne4 19. Nd2 Nxd2 20. Kxd2 Qxd4+ 21. Ke1 O-O 0-1

[Event "Sparkassen-Open A"]
[Site "Heusenstamm, Martinsee"]
[Date "2025.11.21"]
[Round "2.53"]
[White "Praszczalek, Jakub"]
[Black "Berkes, Alexander"]
[Result "0-1"]
[WhiteElo "1738"]
[BlackElo "2043"]
[PlyCount "62"]
[EventDate "2025.11.20"]
[WhiteTeam "SK Köln-Südwest"]
[BlackTeam "SK Langen"]

1. e4 e6 2. d4 d5 3. Nd2 c5 4. Ngf3 Nc6 5. exd5 Qxd5 6. Bc4 Qd7 7. dxc5 Bxc5 8. O-O Nf6 9. Qe2 O-O 10. Nb3 Bd6 11. Rd1 Qc7 12. h3 b6 13. Bg5 Bb7 14. Bxf6 gxf6 15. c3 Kh8 16. Nbd4 a6 17. Bd3 Nxd4 18. Nxd4 f5 19. Qh5 Rg8 20. g4 Qe7 21. Kf1 Rg6 22. gxf5 exf5 23. Qe2 Qg5 24. Ke1 Qf4 25. Qe3 Qh2 26. Bxf5 Rgg8 27. Qh6 Rae8+ 28. Ne2 Qh1+ 29. Kd2 Rxe2+ 30. Kxe2 Qf3+ 31. Ke1 Re8+ 0-1

[Event "Sparkassen-Open A"]
[Site "Heusenstamm, Martinsee"]
[Date "2025.11.21"]
[Round "2.54"]
[White "Stein, Marco"]
[Black "Chaganti, Prahasith Reddy"]
[Result "1-0"]
[WhiteElo "2059"]
[BlackElo "1820"]
[PlyCount "65"]
[EventDate "2025.11.20"]
[WhiteTeam "SV Alsfeld"]
[BlackTeam "Mönchengladbacher SV 1"]

1. d4 d5 2. c4 e6 3. Nc3 c5 4. e3 Nf6 5. Nf3 Nc6 6. Be2 Bd6 7. O-O O-O 8. a3 dxc4 9. Bxc4 a6 10. dxc5 Bxc5 11. b4 Bd6 12. Bb2 b5 13. Ba2 Bb7 14. Ne2 Ne7 15. Ng3 Bxg3 16. hxg3 Ne4 17. Rc1 Bd5 18. Bb1 Nd6 19. Ng5 Ng6 20. Qh5 h6 21. Nf3 Nc4 22. Bd4 Bxf3 23. gxf3 Nxa3 24. Bxg6 fxg6 25. Qxg6 Qd7 26. Rc6 Rxf3 27. Rxe6 Qf7 28. Rxa6 Qxg6 29. Rxg6 Nc2 30. Rxg7+ Kf8 31. Rh7 Nxd4 32. Rh8+ Kg7 33. Rxa8 1-0

[Event "Sparkassen-Open A"]
[Site "Heusenstamm, Martinsee"]
[Date "2025.11.21"]
[Round "2.55"]
[White "Schellen, Sven"]
[Black "Thomas, Tobias"]
[Result "0-1"]
[WhiteElo "1822"]
[BlackElo "1994"]
[PlyCount "106"]
[EventDate "2025.11.20"]
[WhiteTeam "SV Frankfurt Nord 1926"]
[BlackTeam "SK Langen"]

1. e4 c5 2. a3 e6 3. b4 b6 4. bxc5 bxc5 5. Nc3 Nc6 6. Nf3 Bb7 7. Bc4 Nf6 8. e5 Ng4 9. Qe2 d6 10. Bb5 a6 11. Ba4 Qc7 12. Rb1 Ngxe5 13. Nxe5 dxe5 14. f4 O-O-O 15. fxe5 Qxe5 16. O-O Qxe2 17. Nxe2 f6 18. Bb3 e5 19. Be6+ Kc7 20. Rf3 Na5 21. Rc3 Bc6 22. d3 Bd6 23. Be3 Rhe8 24. Ba2 Nb7 25. Bc4 Ra8 26. Ng3 Reb8 27. Ba2 g6 28. Ne4 Bxe4 29. dxe4 a5 30. Bd5 Ra6 31. Rcb3 Ra7 32. c4 f5 33. a4 f4 34. Bd2 Kc8 35. Be6+ Kc7 36. Bd5 Kc8 37. Rb6 Bc7 38. Rc6 Nd6 39. Be6+ Kd8 40. Rxb8+ Bxb8 41. Rxc5 Nxe4 42. Rd5+ Ke7 43. Bg8 Rb7 44. Kf1 Nf6 45. Rxa5 Nxg8 46. c5 Nf6 47. c6 Rb1+ 48. Ke2 Rb2 49. Kd1 Ne4 50. Be1 Kd6 51. Ra6 Nc5 52. Ra8 Kxc6 53. Kc1 Nd3+ 0-1

[Event "Sparkassen-Open A"]
[Site "Heusenstamm, Martinsee"]
[Date "2025.11.21"]
[Round "2.56"]
[White "Wang, Simon"]
[Black "Villwock, Martin"]
[Result "0-1"]
[WhiteElo "1824"]
[BlackElo "2041"]
[PlyCount "72"]
[EventDate "2025.11.20"]
[WhiteTeam "SF Dachau 1932 e.V."]
[BlackTeam "Schachfreunde Essen-Katernberg 0"]

1. c4 e5 2. g3 h5 3. h4 Bc5 4. Bg2 Nc6 5. Nf3 d6 6. d3 Bg4 7. Nc3 Qd7 8. Na4 Nge7 9. Nxc5 dxc5 10. Be3 b6 11. Nxe5 Nxe5 12. Bxa8 c6 13. f3 Be6 14. Kf2 O-O 15. Bxc6 Qxc6 16. b3 Rd8 17. Qc2 Nf5 18. Rad1 Bc8 19. Qb2 Nxe3 20. Kxe3 Qf6 21. Rb1 Rxd3+ 22. exd3 Qxf3+ 23. Kd2 Qf2+ 24. Kc3 Qd4+ 25. Kd2 Qxd3+ 26. Kc1 Qe3+ 27. Qd2 Nd3+ 28. Kc2 Nb4+ 29. Kd1 Bg4+ 30. Kc1 Nxa2+ 31. Kc2 Bf5+ 32. Kd1 Qf3+ 33. Ke1 Qxh1+ 34. Kf2 Qh2+ 35. Ke3 Qxd2+ 36. Kxd2 Bxb1 0-1

[Event "Sparkassen-Open A"]
[Site "Heusenstamm, Martinsee"]
[Date "2025.11.21"]
[Round "2.57"]
[White "Schlößner, Henrik"]
[Black "Alt, Johannes"]
[Result "1/2-1/2"]
[WhiteElo "2040"]
[BlackElo "1836"]
[PlyCount "37"]
[EventDate "2025.11.20"]
[WhiteTeam "SK Gründau"]
[BlackTeam "Sfr.Heidesheim"]

1. e4 e6 2. d4 d5 3. Nd2 c5 4. Ngf3 Nc6 5. exd5 exd5 6. Bb5 Bd6 7. O-O Nge7 8. dxc5 Bxc5 9. Nb3 Bd6 10. Bg5 O-O 11. Nfd4 Qb6 12. Re1 Nxd4 13. Nxd4 Nc6 14. Nxc6 bxc6 15. Bd3 Ba6 16. b3 Bc5 17. Be3 Bxd3 18. Qxd3 Rfe8 19. Bxc5 1/2-1/2

[Event "Sparkassen-Open A"]
[Site "Heusenstamm, Martinsee"]
[Date "2025.11.21"]
[Round "2.58"]
[White "Rüll, Michael"]
[Black "Schreidl, Michael"]
[Result "0-1"]
[WhiteElo "1785"]
[BlackElo "2027"]
[PlyCount "52"]
[EventDate "2025.11.20"]
[WhiteTeam "SC 1952 Obertshausen"]
[BlackTeam "SK Frankenthal"]

1. d4 Nf6 2. Nc3 d5 3. Bf4 a6 4. Nf3 e6 5. Ne5 c5 6. e3 Nc6 7. Be2 Bd6 8. O-O Qc7 9. Na4 cxd4 10. Nxc6 dxe3 11. Bxd6 Qxc6 12. c4 exf2+ 13. Rxf2 Qxd6 14. Qd4 e5 15. Qh4 Be6 16. Rxf6 gxf6 17. Qxf6 Rg8 18. cxd5 Qxd5 19. Bf3 Qd4+ 20. Kh1 Qxa4 21. Bh5 Qd7 22. Re1 Qe7 23. Qxe5 Kf8 24. Rf1 Rg7 25. h4 Rd8 26. Qc3 Qxh4+ 0-1

[Event "Sparkassen-Open A"]
[Site "Heusenstamm, Martinsee"]
[Date "2025.11.21"]
[Round "2.59"]
[White "Bräutigam, Thomas"]
[Black "Spelleken, Mark"]
[Result "1-0"]
[WhiteElo "2016"]
[BlackElo "1745"]
[PlyCount "29"]
[EventDate "2025.11.20"]
[WhiteTeam "SC 1957 Bad Königshofen e.V."]
[BlackTeam "SC Somborn 1933"]

1. d4 Nf6 2. Nf3 e6 3. g3 Nc6 4. Bg2 Bb4+ 5. c3 Ba5 6. O-O d6 7. Nbd2 Bb6 8. Nc4 O-O 9. a4 Na5 10. Nxa5 Bxa5 11. b4 Nd5 12. Bd2 c5 13. bxa5 Qxa5 14. c4 Nb4 15. Qb3 1-0

[Event "Sparkassen-Open A"]
[Site "Heusenstamm, Martinsee"]
[Date "2025.11.21"]
[Round "2.60"]
[White "Morgenroth, Fabian"]
[Black "Zekovic, Alija"]
[Result "1-0"]
[WhiteElo "1816"]
[BlackElo "2008"]
[PlyCount "47"]
[EventDate "2025.11.20"]
[WhiteTeam "SC Turm Breuberg"]
[BlackTeam "Dietzenbach"]

1. e4 e5 2. Nf3 Qf6 3. Nc3 c6 4. Bc4 b5 5. Bb3 a5 6. a4 b4 7. Ne2 Ba6 8. d4 Bxe2 9. Qxe2 exd4 10. e5 Qd8 11. Qc4 Qe7 12. O-O c5 13. Qb5 Nc6 14. Bg5 f6 15. exf6 gxf6 16. Rfe1 fxg5 17. Rxe7+ Bxe7 18. Re1 O-O-O 19. Qb6 Bd6 20. Bc4 Bxh2+ 21. Kxh2 Nb8 22. Qxc5+ Kb7 23. Qxd4 Nh6 24. Re5 1-0

[Event "Sparkassen-Open A"]
[Site "Heusenstamm, Martinsee"]
[Date "2025.11.21"]
[Round "2.61"]
[White "Mukazhanov, Mansur"]
[Black "Gernert, Tomas"]
[Result "1-0"]
[WhiteElo "2007"]
[BlackElo "1810"]
[PlyCount "57"]
[EventDate "2025.11.20"]
[WhiteTeam "SG Trier 1877 e.V."]
[BlackTeam "KS Ricany 1925"]

1. e4 c5 2. Nf3 Nc6 3. Bb5 e6 4. Bxc6 bxc6 5. d3 d6 6. O-O e5 7. c3 Nf6 8. d4 Nxe4 9. dxe5 d5 10. Nbd2 Nxd2 11. Bxd2 Be7 12. Qa4 Qc7 13. b3 O-O 14. Rfe1 Re8 15. Qf4 Ba6 16. Re3 Bd8 17. Rae1 Re6 18. b4 c4 19. Nd4 Rg6 20. Rg3 Rxg3 21. Qxg3 Be7 22. Nf5 Bf8 23. Bg5 Kh8 24. Nh6 f6 25. Bxf6 Bxb4 26. cxb4 gxf6 27. Qc3 d4 28. Qxd4 Rd8 29. exf6 1-0

[Event "Sparkassen-Open A"]
[Site "Heusenstamm, Martinsee"]
[Date "2025.11.21"]
[Round "2.62"]
[White "Doll, Alexander"]
[Black "Brehme, Ralf-Peter"]
[Result "1-0"]
[WhiteElo "2234"]
[BlackElo "1923"]
[PlyCount "35"]
[EventDate "2025.11.20"]
[WhiteTeam "SC Untergrombach 46"]
[BlackTeam "Vorw.Orient Mainz"]

1. e4 d5 2. exd5 Nf6 3. d4 Bg4 4. Be2 Bxe2 5. Qxe2 Qxd5 6. Nf3 e6 7. c4 Qe4 8. Be3 Bb4+ 9. Nbd2 Bxd2+ 10. Qxd2 O-O 11. O-O Nc6 12. Rfe1 Qg6 13. b4 Ne4 14. Qb2 f6 15. b5 Nd8 16. Bf4 Rf7 17. Qe2 Nd6 18. Nh4 1-0

[Event "Sparkassen-Open A"]
[Site "Heusenstamm, Martinsee"]
[Date "2025.11.21"]
[Round "2.63"]
[White "Nickel, Jonas"]
[Black "Müller, Elias"]
[Result "0-1"]
[WhiteElo "1919"]
[BlackElo "2109"]
[PlyCount "94"]
[EventDate "2025.11.20"]
[WhiteTeam "Schachdrachen Büdingen-Wächtersb"]
[BlackTeam "SK Kaiserslautern 1905"]

1. e4 c5 2. Nf3 d6 3. d4 cxd4 4. Nxd4 Nf6 5. Nc3 a6 6. h3 e5 7. Nde2 h5 8. Bg5 Be6 9. Bxf6 Qxf6 10. Nd5 Qd8 11. Nec3 g6 12. Bc4 Nc6 13. a4 Rc8 14. Ne3 Bh6 15. Ncd5 Nd4 16. Bd3 O-O 17. c3 Nc6 18. Qf3 Bg7 19. Rd1 h4 20. O-O Qg5 21. Kh2 f5 22. exf5 gxf5 23. Be2 e4 24. Qh5 Bh6 25. Qxg5+ Bxg5 26. Nb6 Rcd8 27. Bc4 Bxc4 28. Nexc4 Kf7 29. f4 Be7 30. Rd5 Ke6 31. Rfd1 Rf6 32. b4 Nb8 33. Ne3 Nd7 34. Nbc4 Nf8 35. Na5 Rc8 36. c4 Ng6 37. g3 hxg3+ 38. Kxg3 Rg8 39. Nxb7 Ne5+ 40. Kh2 Nf3+ 41. Kh1 Rfg6 42. Ng4 Rxg4 43. hxg4 Rh8+ 44. Kg2 Rh2+ 45. Kf1 e3 46. gxf5+ Kf7 47. Re1 Rf2# 0-1